00000000nam##2200000za#4500
0019.605719
003CaOODSP
00520210624212246
007cr |||||||||||
008150406|2003||||xxc|||||o    f|0| 0 fre|d
040 |aCaOODSP|bfre
043 |an-cn---
0861 |aCW69-9/219F-PDF
1102 |aService canadien de la faune.
24513|aLe Relevé des oiseaux nicheurs du Canada, de 1967 à 2000 / |h[ressource électronique]|c[par] C.M. Downes et B.T. Collins.
260 |aOttawa - Ontario : |bEnvironnement Canada. |cMars 2003.
300 |a44p.|bfigure, carte, tableaux
4901 |aCahier de biologie|vN° 219
500 |aLe n° de catalogue (XW69-9/219F) et l'ISBN (0-662-888483-3) de l'édition imprimée ont été incorrectement copiés dans la version électronique.
590 |a13-15-Supp|b2013-06-24
69107|aOiseau|2gcpds
77508|tThe Canadian Breeding Bird Survey, 1967-2000 / |w(CaOODSP)9.576696
7760#|tLa relevé des oiseaux nicheurs du Canada, de 1967 à 2000 |w(CaOODSP)9.626118
830#0|aCahier de biologie ;|vN° 219|w(CaOODSP)9.500859
85640|ahttp://publications.gc.ca|qPDF|s1009.6 Ko|uhttps://publications.gc.ca/collections/collection_2013/ec/CW69-9-219-fra.pdf|yN° 219